000 02068cam a22004334i 4500
003 PE-LiUPU
005 20250731175616.0
008 150826s2008 miua rb 001 0 eng d
020 _a9780310290834
_q(softcover)
035 _a(Sirsi) i9780310290834
040 _aPE-LiUPU
_bspa
_dPE-LiUPU
_erda
041 1 _aeng
_agrc
_hgrc
049 _aPRUA
082 0 4 _a487.4
_bC22
_222
100 1 _aCampbell, Constantine R.,
_eautor.
245 1 0 _aBasics of verbal aspect in biblical Greek /
_cConstantine R. Campbell.
264 1 _aGrand Rapids, Michigan :
_bZondervan,
_c[2008].
300 _a159 páginas :
_bilustraciones ;
_c24 centímetros
336 _atext
_2rdacontent
337 _aunmediated
_2rdamedia
338 _avolume
_2rdacarrier
504 _aIncluye referencias bibliográficas.
504 _aÍndice : páginas 155-159.
505 0 _aIntroduction: Verbal aspect and exegesis -- Verbal aspect theory -- What is verbal aspect? -- The history of verbal aspect -- Perfective aspect -- Imperfective aspect -- The problem of the perfect -- Verbal aspect and New Testament text -- Verbal lexeme basics -- Present and imperfect tense-forms -- Aorist and future tense-forms -- Perfect and pluperfect tense-forms -- More participles -- A concluding postscript : space and time.
526 _aP145
526 _aP127
526 _aP97
526 _aP35
526 _aP14
526 _aP07
650 0 _aGriego bíblico
_xVerbo.
910 _aaas
_bjck
_caas
_d20150826
942 _2ddc
_cBOOK
949 _aPGT 487.4 C22
_wDEWEY
_c1
_i71772
_lCCODEBUL1
_mBUL
_p17.00
_r0
_sY
_tBOOK
_u2015-8-26
_xTEOLOGIA
_PP85
_0COMPRA
_o.CIRCNOTE. No olvidar cambiar la fecha de devolución!!!!!!!
_o.STAFF. Posgrado
994 _aC0
_bPEPRU
596 _a1
999 _aPGT 487.4 C22
_wDEWEY
_c6870
_i71772
_f2021-11-11
_g5
_lCCODEBUL1
_mBUL
_p17.00
_r0
_sY
_tBOOK
_u2015-8-26
_xTEOLOGIA
_PP85
_0COMPRA
_o.CIRCNOTE. No olvidar cambiar la fecha de devolución!!!!!!!
_o.STAFF. Posgrado
_d6870
980 _81
_gALBERTO SANCHEZ Responsable de Automatización